LEADER 00420nab a2200145 i 4500 001 000000265961 003 CaOOAMICUS 005 20180831164726.0 008 180831n xx uu u0 0und r 013 $a9504 040 $aSeMil$bita 245 10$a[vedi periodico]. 500 $aSettembre-Dicembre 2006. 773 0 $tCorpo.$dBologna : ESD, 2006.$z88-7094-641-X$w()159389 996 $6245$a[vedi periodico]$9(OLS)http://semarc/title/309439 LEADER 00974nab a2200193 i 4500 001 000000264926 003 CaOOAMICUS 005 20060802000000.0 008 060802n xx uu u0 0und r 013 $a7827 040 $aSeMil$bita 100 1 $aTuroldo, David Maria,$c.$0(OLS)http://semarc/name/2700 245 10$aTuroldo :$bSalmi. - 39 p. - Num. 4852 delle Ed. Carrara. - Indicazione errata sul verso della copertina : Anno 37, [i.e. 36.]. - In Allegato : CD. 500 $aMaggio-Giugno 2006. 700 1 $aFinotti, Francesco.$0(OLS)http://semarc/name/59986 700 1 $aDe Marzi, Bepi.$0(OLS)http://semarc/name/2699 700 1 $aPassoni, Ismaele.$0(OLS)http://semarc/name/2698 773 0 $t[2006].$dBergamo : Ed. Carrara, copyr. 2006 (stampa 2006-2007)$w()149927 996 $6245$aTuroldo :$bSalmi. - 39 p. - Num. 4852 delle Ed. Carrara. - Indicazione errata sul verso della copertina : Anno 37, [i.e. 36.]. - In Allegato : CD.$9(OLS)http://semarc/title/357195